[Event "TCh-GEO Club 2014"]
[Site "Ureki GEO"]
[Date "2014.09.29"]
[Round "3.3"]
[White "Bokuchava, Madona"]
[Black "Javakhishvili, Lela"]
[Result "0-1"]
[WhiteTitle "WFM"]
[BlackTitle "IM"]
[WhiteElo "2003"]
[BlackElo "2476"]
[WhiteTeam "Chess Club Samegrelo"]
[BlackTeam "Chess Club Kakheti"]
[WhiteFideId "13603663"]
[BlackFideId "13601458"]
[EventDate "2014.09.27"]

1. d4 e6 2. c4 Nf6 3. Nf3 b6 4. g3 Ba6 5. b3 d5 6. cxd5 exd5 7. Bg2 Bb4+ 8. Bd2
Bd6 9. Nc3 O-O 10. O-O Re8 11. Nh4 Nbd7 12. Re1 Bb7 13. Nb5 Ne4 14. Nxd6 cxd6
15. Bh3 a5 16. Rc1 b5 17. f3 Nxd2 18. Qxd2 Nb8 19. Qd3 Qb6 20. e3 Nc6 21. a3
Rad8 22. Qc2 g6 23. f4 Re7 24. f5 Rde8 25. Qf2 Qd8 26. Bf1 b4 27. Bb5 Rc7 28.
axb4 axb4 29. Rc2 g5 30. Ng2 f6 31. Rec1 Qc8 32. Ne1 Ree7 33. Nd3 Na5 34. Nxb4
Nxb3 35. Rxc7 Rxc7 36. Rxc7 Qxc7 37. Qc2 Qb6 38. Qxb3 Qxb5 39. Qc3 Qe2 40. Qc1
h5 41. Qc7 Qxe3+ 42. Kf1 Qf3+ 43. Kg1 Qd1+ 44. Kg2 Qe2+ 45. Kg1 Qe1+ 46. Kg2
Qe4+ 47. Kg1 Qxd4+ 48. Kg2 Qe4+ 49. Kg1 d4 50. Qd8+ Kg7 51. Qd7+ Kh6 52. Kf2
Qe3+ 53. Kf1 Qf3+ 54. Ke1 Qc3+ 55. Kf2 Qxb4 56. Qe8 Qd2+ 57. Kf1 Ba6+ 0-1

[Event "TCh-GEO Club 2014"]
[Site "Ureki GEO"]
[Date "2014.09.29"]
[Round "3.3"]
[White "Keleptrishvili, Irakli"]
[Black "Ghvamberia, Nika"]
[Result "1-0"]
[WhiteElo "2168"]
[BlackElo "2105"]
[WhiteTeam "Chess Club Kakheti"]
[BlackTeam "Chess Club Samegrelo"]
[WhiteFideId "13605801"]
[BlackFideId "13602128"]
[EventDate "2014.09.27"]

1. e4 c5 2. Nf3 e6 3. d4 cxd4 4. Nxd4 a6 5. Bd3 Nf6 6. O-O Qc7 7. Qe2 d6 8. c4
Nbd7 9. f4 Be7 10. Nc3 O-O 11. Kh1 Re8 12. Bd2 b6 13. Rae1 g6 14. e5 Nh5 15. Be4
Bb7 16. exd6 Bxd6 17. Ndb5 axb5 18. Nxb5 Qb8 19. Bxb7 Rxa2 20. Nxd6 Qxd6 21. Bc3
Nc5 22. Be4 Nxe4 23. Qxe4 Rd8 24. g4 Ng7 25. Rd1 Qxd1 26. Rxd1 Rxd1+ 27. Kg2 f5
28. Qe5 Rd7 29. Qb8+ Kf7 30. Qh8 Rxb2+ 31. Bxb2 Rd2+ 32. Kg1 Rxb2 33. g5 Re2 34.
Qd8 Re4 35. Qc7+ Kg8 36. Kf2 Kf8 37. Kf3 Kg8 38. Qb8+ Kf7 39. Qb7+ Kg8 40. Qc8+
Kf7 41. Qc7+ Kf8 42. h4 Nh5 43. Qxh7 Rxf4+ 44. Ke3 Rxc4 45. Qxg6 Rxh4 46. Qh6+
Ke7 47. Qh7+ Kd6 48. g6 f4+ 49. Kd2 Rh2+ 50. Kc3 Rh3+ 51. Kb4 f3 52. g7 f2 53.
g8=Q Rh4+ 54. Kc3 Rh3+ 55. Kc2 f1=Q 56. Qb8+ Kd5 57. Qbb7+ Ke5 58. Qbc7+ Kd4 59.
Qxb6+ Kd5 60. Qd7+ Ke4 61. Qbxe6+ Kf4 62. Qf5+ 1-0

[Event "TCh-GEO Club 2014"]
[Site "Ureki GEO"]
[Date "2014.09.29"]
[Round "3.4"]
[White "Nigalidze, Gaioz"]
[Black "Shalamberidze, Akaki"]
[Result "1-0"]
[WhiteTitle "GM"]
[BlackTitle "IM"]
[WhiteElo "2538"]
[BlackElo "2406"]
[WhiteTeam "Chess Club Nona (Adjara)"]
[BlackTeam "Chess Club Guria"]
[WhiteFideId "13603078"]
[BlackFideId "13600532"]
[EventDate "2014.09.27"]

1. Nf3 Nf6 2. c4 e6 3. b3 d5 4. Bb2 Be7 5. g3 O-O 6. Bg2 a5 7. Nc3 c6 8. e3 Nbd7
9. O-O Nb6 10. d3 a4 11. Rb1 Bd6 12. Qe2 axb3 13. axb3 Nbd7 14. d4 b5 15. c5 b4
16. Ra1 Rxa1 17. Bxa1 Qa5 18. Qa2 Bc7 19. Qxa5 Bxa5 20. Na2 Ba6 21. Rc1 Ne4 22.
Bf1 Bxf1 23. Kxf1 f6 24. Ke2 e5 25. Ne1 exd4 26. Bxd4 Ng5 27. Nd3 Rb8 28. h4 Ne6
29. g4 Rb5 30. f4 Nc7 31. Kf3 Na6 32. e4 dxe4+ 33. Kxe4 Bd8 34. Rc4 Be7 35.
Naxb4 f5+ 36. gxf5 Ndxc5+ 37. Bxc5 Nxc5+ 38. Nxc5 Bxc5 39. Nxc6 Bf2 40. Ne5 Rb8
41. h5 Bh4 42. b4 h6 43. b5 Kh7 44. Rb4 Bf2 45. Rb2 Bg1 46. Rb1 Bf2 1-0

[Event "TCh-GEO Club 2014"]
[Site "Ureki GEO"]
[Date "2014.09.29"]
[Round "3.4"]
[White "Chkhaidze, Nikoloz"]
[Black "Jojua, Davit"]
[Result "0-1"]
[BlackTitle "GM"]
[WhiteElo "2227"]
[BlackElo "2571"]
[WhiteTeam "Chess Club Guria"]
[BlackTeam "Chess Club Nona (Adjara)"]
[WhiteFideId "13601750"]
[BlackFideId "13602543"]
[EventDate "2014.09.27"]

1. Nf3 g6 2. c4 Bg7 3. d4 Nf6 4. g3 O-O 5. Bg2 d6 6. O-O Nc6 7. Nc3 a6 8. d5 Na5
9. Nd2 c5 10. Rb1 Bf5 11. e4 Bd7 12. b3 b5 13. Bb2 Rb8 14. Ba1 e5 15. dxe6 Bxe6
16. Nd5 Nc6 17. Re1 Nd7 18. Bxg7 Kxg7 19. Ne3 Nd4 20. f4 f6 21. Nf3 bxc4 22.
Nxd4 cxd4 23. Qxd4 cxb3 24. Qxd6 Rb6 25. Qd2 bxa2 26. Rbd1 Qe7 27. Nd5 Bxd5 28.
exd5 Qa3 29. d6 Rb2 30. Re7+ Kh8 31. Qe1 Qb3 32. Bd5 Qxd1 33. Qxd1 Rb1 34. Re1
a1=Q 0-1

[Event "TCh-GEO Club 2014"]
[Site "Ureki GEO"]
[Date "2014.09.29"]
[Round "3.4"]
[White "Batsiashvili, Nino"]
[Black "Chkhikvishvili, Mindia"]
[Result "1-0"]
[WhiteTitle "IM"]
[WhiteElo "2426"]
[BlackElo "2050"]
[WhiteTeam "Chess Club Nona (Adjara)"]
[BlackTeam "Chess Club Guria"]
[WhiteFideId "13602993"]
[BlackFideId "13603736"]
[EventDate "2014.09.27"]

1. d4 d5 2. c4 c6 3. Nf3 Nf6 4. e3 e6 5. b3 Bb4+ 6. Nbd2 Ne4 7. Bd3 f5 8. O-O
Nd7 9. a3 Bc3 10. Rb1 Ba5 11. Qc2 O-O 12. b4 Bc7 13. b5 Ndf6 14. bxc6 bxc6 15.
Ne5 Bxe5 16. dxe5 Ng4 17. Nf3 Bd7 18. Bb2 Rb8 19. h3 Nh6 20. Rfc1 Rb7 21. cxd5
cxd5 22. Bd4 Rxb1 23. Rxb1 Qa5 24. Rb7 Rc8 25. Qb2 Rc7 26. Rxa7 Rxa7 27. Qb8+
Kf7 28. Qxa7 Qxa7 29. Bxa7 Ng8 30. Bd4 Ne7 31. Kf1 h6 32. Ke2 Ba4 33. Nd2 Nc6
34. Nb1 Ke7 35. f3 Ng5 36. Nc3 Nxd4+ 37. exd4 Bb3 38. Kd2 Nf7 39. Kc1 Kd7 40.
Kb2 Bc4 41. Bxc4 dxc4 42. Ne2 Kc6 43. Kc3 g5 44. Kxc4 f4 45. Nc1 h5 46. Nd3 Nh6
47. Nc5 Nf5 48. Nxe6 Ne3+ 49. Kd3 Nxg2 50. Ke4 g4 51. fxg4 1-0

[Event "TCh-GEO Club 2014"]
[Site "Ureki GEO"]
[Date "2014.09.29"]
[Round "3.4"]
[White "Imnadze, Nato"]
[Black "Melia, Salome"]
[Result "1/2-1/2"]
[WhiteTitle "WFM"]
[BlackTitle "IM"]
[WhiteElo "2082"]
[BlackElo "2464"]
[WhiteTeam "Chess Club Guria"]
[BlackTeam "Chess Club Nona (Adjara)"]
[WhiteFideId "13600974"]
[BlackFideId "13602446"]
[EventDate "2014.09.27"]

1. e4 c5 2. Nf3 Nc6 3. d4 cxd4 4. Nxd4 Nf6 5. Nc3 e5 6. Ndb5 d6 7. Bg5 a6 8. Na3
b5 9. Nd5 Be7 10. Bxf6 Bxf6 11. c3 Bg5 12. Nc2 O-O 13. g3 Rb8 14. Bg2 a5 15. a3
Ne7 16. Nce3 Bxe3 17. Nxe3 b4 18. axb4 axb4 19. O-O bxc3 20. bxc3 Qc7 21. Qd2
Be6 22. Rfb1 Rxb1+ 23. Rxb1 Rc8 24. Rd1 Bb3 25. Rb1 Be6 26. Rd1 Rd8 27. Qd3 g6
28. h4 h5 29. Kh2 Kg7 30. Bh3 Bb3 31. Rb1 Ba4 32. Ra1 Bc6 33. Rd1 Qb7 34. Bg2
Ng8 35. Nc4 Nf6 36. f3 Rd7 37. Bh3 Rc7 38. Nxd6 Qb3 39. c4 Qb4 40. Rb1 Qc5 41.
Qd2 Nh7 42. Kg2 Ra7 43. Qf2 Qxf2+ 44. Kxf2 Ra2+ 45. Ke1 Nf6 46. Rb6 Bd7 47. Bf1
Ra1+ 48. Kf2 Be6 49. Rc6 Rc1 50. Nb7 Nd7 51. Nd8 Nf8 52. Rc7 Kf6 53. c5 Rc2+ 54.
Kg1 Rc1 55. Kf2 Rc2+ 56. Ke3 Rc3+ 57. Ke2 Rc1 58. Kf2 1/2-1/2

[Event "TCh-GEO Club 2014"]
[Site "Ureki GEO"]
[Date "2014.09.29"]
[Round "3.4"]
[White "Kumsiashvili, Nikoloz"]
[Black "Kuridze, Mishiko"]
[Result "1-0"]
[WhiteElo "2179"]
[BlackElo "1647"]
[WhiteTeam "Chess Club Nona (Adjara)"]
[BlackTeam "Chess Club Guria"]
[WhiteFideId "13600621"]
[BlackFideId "13608100"]
[EventDate "2014.09.27"]

1. d4 g6 2. c4 Bg7 3. Nf3 Nf6 4. Nc3 d5 5. cxd5 Nxd5 6. e4 Nxc3 7. bxc3 c5 8.
Bc4 Nc6 9. Be3 O-O 10. Qd2 Qa5 11. Rc1 Rd8 12. d5 Bg4 13. Bd3 Bxf3 14. gxf3 Ne5
15. Be2 c4 16. f4 Nd3+ 17. Bxd3 cxd3 18. c4 Qa3 19. O-O Rac8 20. c5 Qb2 21. Rfd1
b6 22. c6 Qxd2 23. Rxd2 e6 24. Rxd3 exd5 25. exd5 Bf8 26. a4 Rc7 27. a5 bxa5 28.
Bc5 Bxc5 29. Rxc5 Rd6 30. Rb3 Kg7 31. Rxa5 Kf6 32. Rb7 Rc8 33. Rbxa7 Kf5 34.
Rxf7+ Ke4 35. Rxh7 Kxf4 36. Re7 Kf5 37. Kg2 Kf6 38. Rb7 Ke5 39. Rbb5 Rc7 40. Kg3
Kf5 41. Rb7 Rxb7 42. cxb7 Rb6 43. d6+ Ke6 44. Rg5 Rxb7 45. Rxg6+ Kf5 46. Rh6
Rg7+ 47. Kf3 Rd7 48. h4 Rd8 49. Ke3 Ke5 50. f4+ Kf5 51. Rh5+ Kg6 52. Rd5 Rd7 53.
h5+ Kf6 54. Ke4 Rd8 55. d7 Ke6 56. h6 Kf6 57. h7 Kg7 58. Ke5 1-0

[Event "TCh-GEO Club 2014"]
[Site "Ureki GEO"]
[Date "2014.09.30"]
[Round "4.1"]
[White "Gelashvili, Tamaz"]
[Black "Shalamberidze, Akaki"]
[Result "0-1"]
[WhiteTitle "GM"]
[BlackTitle "IM"]
[WhiteElo "2565"]
[BlackElo "2406"]
[WhiteTeam "Chess Club Rustavi"]
[BlackTeam "Chess Club Guria"]
[WhiteFideId "13600702"]
[BlackFideId "13600532"]
[EventDate "2014.09.27"]

1. e4 e5 2. Nf3 Nc6 3. Bc4 Bc5 4. O-O d6 5. c3 Nf6 6. d4 Bb6 7. dxe5 Nxe5 8.
Nxe5 dxe5 9. Qf3 O-O 10. h3 h6 11. Re1 Nh7 12. a4 Be6 13. Nd2 Qh4 14. Kf1 Rad8
15. b3 Rd6 16. a5 Bxc4+ 17. bxc4 Bc5 18. Qg3 Qxg3 19. fxg3 Ng5 20. Ke2 Rfd8 21.
h4 Ne6 22. Nf3 Rd3 23. Bb2 g5 24. Red1 Re3+ 25. Kf1 Rxd1+ 26. Rxd1 Rxe4 27. hxg5
hxg5 28. Nd2 Re3 29. g4 Rd3 30. Bc1 Be3 31. g3 Rxc3 32. Re1 Rxc1 33. Rxc1 Bxd2
34. Rb1 Nc5 35. Rb5 Be3 36. Ke2 Bd4 37. Kf3 f6 38. Rb1 Kf7 39. Rh1 Ke6 40. Rh7
Kd6 41. Rh8 e4+ 42. Ke2 Be5 43. Kf2 a6 44. Rd8+ Kc6 45. Rd5 b6 46. axb6 cxb6 47.
Rd8 a5 0-1

[Event "TCh-GEO Club 2014"]
[Site "Ureki GEO"]
[Date "2014.09.30"]
[Round "4.1"]
[White "Chkhaidze, Nikoloz"]
[Black "Pantsulaia, Levan"]
[Result "0-1"]
[BlackTitle "GM"]
[WhiteElo "2227"]
[BlackElo "2590"]
[WhiteTeam "Chess Club Guria"]
[BlackTeam "Chess Club Rustavi"]
[WhiteFideId "13601750"]
[BlackFideId "13602071"]
[EventDate "2014.09.27"]

1. Nf3 c5 2. c4 e6 3. g3 a6 4. Bg2 b5 5. b3 Bb7 6. Nc3 Qa5 7. O-O Nf6 8. Bb2 Be7
9. e4 d6 10. Re1 bxc4 11. bxc4 Nbd7 12. Nh4 O-O 13. f4 Rab8 14. Rb1 g6 15. Nf3
Ba8 16. a3 Nb6 17. d3 Nxc4 18. dxc4 Rxb2 19. Rxb2 Qxc3 20. Rc2 Qxa3 21. e5 Ne4
22. exd6 Nxd6 23. Ne5 Nf5 24. Bxa8 Ne3 25. Rxe3 Qxe3+ 26. Rf2 Rxa8 27. Qd7 Kf8
28. Qb7 Rd8 29. Qxa6 h5 30. Nf3 Rd1+ 31. Kg2 h4 32. Qa2 Kg7 33. Qe2 Qxe2 34.
Rxe2 Rc1 35. Re4 Rc2+ 36. Kh3 hxg3 37. hxg3 Bf6 38. Ne5 Bxe5 39. fxe5 g5 40. g4
Kf8 41. Kg3 Ke7 42. Kf3 Kd7 43. Ke3 Rc3+ 44. Ke2 Kc6 0-1

[Event "TCh-GEO Club 2014"]
[Site "Ureki GEO"]
[Date "2014.09.30"]
[Round "4.1"]
[White "Paichadze, Luka"]
[Black "Chkhikvishvili, Mindia"]
[Result "1-0"]
[WhiteTitle "GM"]
[WhiteElo "2543"]
[BlackElo "2050"]
[WhiteTeam "Chess Club Rustavi"]
[BlackTeam "Chess Club Guria"]
[WhiteFideId "13602934"]
[BlackFideId "13603736"]
[EventDate "2014.09.27"]

1. e4 c5 2. Nf3 d6 3. d4 cxd4 4. Qxd4 Nc6 5. Bb5 Bd7 6. Bxc6 Bxc6 7. Nc3 Nf6 8.
Bg5 Qb6 9. Qd3 e6 10. Nd4 Be7 11. Be3 Ng4 12. O-O-O Nxe3 13. Qxe3 O-O-O 14. Rd3
d5 15. e5 Rd7 16. Rhd1 Rc7 17. f4 Bc5 18. f5 exf5 19. Qh3 Bxd4 20. Rxd4 g6 21.
Qh6 Qc5 22. h4 Re8 23. Qxh7 f6 24. Qxg6 fxe5 25. Rxd5 Qf8 26. Rd6 Rg7 27. Qh6
Rf7 28. Qe3 Kb8 29. a4 f4 30. Qd2 e4 31. a5 a6 32. Qd4 Qe7 33. Qb6 Kc8 34. R1d4
Rf6 35. Rxf6 Qxf6 36. Nxe4 Qxd4 37. Qxd4 Rxe4 38. Qf6 Re1+ 39. Kd2 Rg1 40. Qh8+
Kc7 41. Qe5+ Kc8 42. Qxf4 Rxg2+ 43. Kc3 Re2 44. Qg4+ 1-0

[Event "TCh-GEO Club 2014"]
[Site "Ureki GEO"]
[Date "2014.09.30"]
[Round "4.1"]
[White "Imnadze, Nato"]
[Black "Khurtsidze, Nino"]
[Result "0-1"]
[WhiteTitle "WFM"]
[BlackTitle "IM"]
[WhiteElo "2082"]
[BlackElo "2467"]
[WhiteTeam "Chess Club Guria"]
[BlackTeam "Chess Club Rustavi"]
[WhiteFideId "13600974"]
[BlackFideId "13600320"]
[EventDate "2014.09.27"]

1. e4 c5 2. Nf3 e6 3. d4 cxd4 4. Nxd4 a6 5. Bd3 b6 6. O-O Bb7 7. c4 d6 8. Nc3
Nd7 9. f4 g6 10. f5 Bg7 11. Be2 Nc5 12. fxe6 Nxe6 13. Nxe6 fxe6 14. Qa4+ Ke7 15.
Bg5+ Nf6 16. e5 dxe5 17. Qb4+ Kf7 18. Rxf6+ Bxf6 19. Rf1 Qd4+ 20. Kh1 Rhe8 21.
Bxf6 Kg8 22. Qb3 Bc6 23. Qc2 Rf8 24. h3 Rf7 25. Bg4 Qxc4 26. Be2 Qc5 27. Qb3 Re8
28. Bc4 Qd6 29. Bg5 b5 30. Be2 Rxf1+ 31. Bxf1 Rf8 32. Be2 Rf2 33. Bg4 Rxg2 34.
Qxe6+ Qxe6 35. Bxe6+ Kg7 36. Be7 b4 37. Nd5 Rd2 38. Bg5 Bxd5+ 39. Bxd5 Rxd5 40.
Be7 a5 0-1

[Event "TCh-GEO Club 2014"]
[Site "Ureki GEO"]
[Date "2014.09.30"]
[Round "4.1"]
[White "Beradze, Irakli"]
[Black "Kuridze, Mishiko"]
[Result "1-0"]
[WhiteElo "2326"]
[BlackElo "1647"]
[WhiteTeam "Chess Club Rustavi"]
[BlackTeam "Chess Club Guria"]
[WhiteFideId "13604597"]
[BlackFideId "13608100"]
[EventDate "2014.09.27"]

1. e4 c5 2. Nf3 d6 3. d4 cxd4 4. Qxd4 Nc6 5. Bb5 Bd7 6. Bxc6 Bxc6 7. Nc3 Qc7 8.
Bg5 e5 9. Qd3 Be7 10. h4 h6 11. Bxe7 Nxe7 12. O-O-O O-O-O 13. Nd5 Bxd5 14. exd5
f6 15. Nd2 Kb8 16. Kb1 f5 17. c4 Rc8 18. Rc1 Qb6 19. Qe2 g6 20. Rh3 g5 21. hxg5
hxg5 22. Rxh8 Rxh8 23. c5 Qa6 24. Nc4 Nxd5 25. cxd6 e4 26. Qd2 Nf4 27. Qc3 Rg8
28. d7 Nd3 29. Nd6 1-0

[Event "TCh-GEO Club 2014"]
[Site "Ureki GEO"]
[Date "2014.09.30"]
[Round "4.2"]
[White "Jojua, Davit"]
[Black "Gamzardia, Giorgi"]
[Result "1-0"]
[WhiteTitle "GM"]
[BlackTitle "FM"]
[WhiteElo "2571"]
[BlackElo "2104"]
[WhiteTeam "Chess Club Nona (Adjara)"]
[BlackTeam "Chess Club Samegrelo"]
[WhiteFideId "13602543"]
[BlackFideId "13603388"]
[EventDate "2014.09.27"]

1. d4 Nf6 2. c4 c6 3. Nf3 d5 4. e3 g6 5. Nc3 Bg7 6. Be2 O-O 7. O-O dxc4 8. Bxc4
Bg4 9. h3 Bxf3 10. Qxf3 Nbd7 11. Rd1 e5 12. d5 e4 13. Nxe4 Nxe4 14. Qxe4 Nf6 15.
Qf3 cxd5 16. Bxd5 Nxd5 17. e4 Qf6 18. exd5 Qxf3 19. gxf3 Rfd8 20. Bg5 Rd7 21.
Rd2 f6 22. Be3 b6 23. Rc1 Rad8 24. Bf4 Bf8 25. d6 g5 26. Bg3 Kf7 27. Rc7 Ke6 28.
Re2+ Kf7 29. Kg2 h6 30. Re3 f5 31. Be5 f4 32. Re4 Kg6 33. Ra4 a5 34. Rc6 Kf5 35.
Re4 Bxd6 36. Bd4 b5 37. Rb6 Rb8 38. Ra6 a4 39. a3 h5 40. Bc3 Rbb7 41. Re8 g4 42.
h4 Ra7 43. Rf8+ 1-0

[Event "TCh-GEO Club 2014"]
[Site "Ureki GEO"]
[Date "2014.09.30"]
[Round "4.2"]
[White "Patsia, Zviad"]
[Black "Batsiashvili, Nino"]
[Result "1/2-1/2"]
[BlackTitle "IM"]
[WhiteElo "2119"]
[BlackElo "2426"]
[WhiteTeam "Chess Club Samegrelo"]
[BlackTeam "Chess Club Nona (Adjara)"]
[WhiteFideId "13603485"]
[BlackFideId "13602993"]
[EventDate "2014.09.27"]

1. c4 e6 2. Nf3 d5 3. b3 Nf6 4. Bb2 c5 5. e3 Nc6 6. cxd5 exd5 7. Be2 Be7 8. O-O
O-O 9. d4 Bg4 10. h3 Bh5 11. Ne5 Bxe2 12. Qxe2 cxd4 13. Nxc6 bxc6 14. Bxd4 Re8
15. Rc1 Qd7 16. Nd2 Rac8 17. Bb2 Bd8 18. Qd3 Re6 19. Qf5 Qe8 20. Nf3 Ne4 21. Nd4
Bh4 22. Nxe6 Bxf2+ 23. Kh2 fxe6 24. Qg4 Rc7 25. Be5 Rf7 26. Rf1 Bxe3 27. Rxf7
Qxf7 28. Rf1 Bf2 29. Qf3 Qf5 30. Qxf5 exf5 31. b4 Kf7 32. Rc1 c5 33. bxc5 Bxc5
34. Rd1 g5 35. Bd4 Ke6 36. Bxc5 Nxc5 37. Kg3 Ke5 38. Kf3 h5 39. g4 hxg4+ 40.
hxg4 f4 41. Rc1 Kd6 42. Rh1 Nd7 43. Rh5 Ne5+ 44. Ke2 d4 45. Rxg5 d3+ 46. Kd1 Kd5
47. Kd2 Kd4 48. Rxe5 Kxe5 49. Kxd3 a5 50. a4 1/2-1/2

[Event "TCh-GEO Club 2014"]
[Site "Ureki GEO"]
[Date "2014.09.30"]
[Round "4.2"]
[White "Melia, Salome"]
[Black "Bokuchava, Madona"]
[Result "1/2-1/2"]
[WhiteTitle "IM"]
[BlackTitle "WFM"]
[WhiteElo "2464"]
[BlackElo "2003"]
[WhiteTeam "Chess Club Nona (Adjara)"]
[BlackTeam "Chess Club Samegrelo"]
[WhiteFideId "13602446"]
[BlackFideId "13603663"]
[EventDate "2014.09.27"]

1. e4 g6 2. d4 Bg7 3. Nc3 d6 4. Be3 a6 5. Qd2 b5 6. a4 b4 7. Nd1 a5 8. Bd3 Bb7
9. Ne2 Nd7 10. O-O Ngf6 11. f3 O-O 12. Nf2 c5 13. c3 e5 14. dxe5 Nxe5 15. Rfd1
Qc7 16. Rac1 Bc6 17. b3 Nxd3 18. Qxd3 Rfd8 19. cxb4 axb4 20. Bf4 Ne8 21. Ng4 Bb7
22. Ne3 Qe7 23. Kh1 Qf6 24. Nd5 Bxd5 25. Qxd5 h6 26. Qd2 Kh7 27. Be3 Nc7 28. Nf4
Qh4 29. Nd5 Nxd5 30. Qxd5 Qe7 31. Bf2 Be5 32. Qc4 Qf6 33. Rd5 Kg7 34. Rcd1 h5
35. Qd3 h4 36. h3 Qf4 37. Bg1 Rh8 38. Qd2 Qg3 39. Rf1 g5 40. Rd3 Qf4 41. Qxf4
gxf4 42. Rc1 f6 43. Bf2 Kf7 44. Kg1 Ke6 45. Rc4 Rh7 46. Kf1 Ra5 47. Rd5 Ra6 48.
Be1 Rh8 49. Rc2 Rh7 50. Ke2 Ra8 51. Rd1 Rhh8 52. Kd3 Kd7 53. Kc4 Kc6 54. Ra2 Rh7
55. Rc1 Ra6 56. Kd3 Kb6 57. Rcc2 Rh8 58. Rc4 Rh7 59. Rac2 Kb7 60. Rc1 Ra5 61.
R4c2 Ra6 62. Ra2 Ra5 63. Rc4 Ka7 64. Rcc2 Kb6 65. Rc1 Kb7 66. Kc4 Kc6 67. Rd2
Ra6 68. Rd5 Rh8 69. Rc2 Rh7 70. Bf2 Kb6 71. Kd3 Kb7 72. Ra2 Kb6 73. Kc4 Ra5 74.
Be1 Rh8 75. Rad2 Kc6 76. Ra2 Kb6 77. Rd1 Kc6 78. Rc2 Ra6 79. Rdc1 Rh7 80. Bd2
Rg7 81. Be1 Rh7 82. Rd1 Rh8 83. Ra2 Ra5 84. Rd5 Kb6 85. Rad2 Kc6 86. Rd1 Ra6 87.
R5d2 Rh7 88. Rc2 Rh8 89. Kd3 Kb7 90. Rc4 Rh7 91. Rdc1 Ka7 92. Bf2 Kb7 93. R4c2
Rh8 94. Ra2 Ra5 95. Kc4 Kc6 96. Be1 Rh7 97. Rd2 Ra6 98. Rd5 Rh8 99. Kd3 Kb6 100.
Rc4 Rh7 101. Bf2 Kb7 102. Rc2 Rh8 103. Be1 Rh7 104. Kc4 Kc6 105. Ra2 Kb6 106.
Rd1 Kc6 107. Rc2 Rh8 108. Kd3 Kb7 109. Kc4 Kc6 110. Kd3 Kb7 111. Kc4 Kc6 112.
Kd3 1/2-1/2

[Event "TCh-GEO Club 2014"]
[Site "Ureki GEO"]
[Date "2014.09.30"]
[Round "4.2"]
[White "Ghvamberia, Nika"]
[Black "Kumsiashvili, Nikoloz"]
[Result "0-1"]
[WhiteElo "2105"]
[BlackElo "2179"]
[WhiteTeam "Chess Club Samegrelo"]
[BlackTeam "Chess Club Nona (Adjara)"]
[WhiteFideId "13602128"]
[BlackFideId "13600621"]
[EventDate "2014.09.27"]

1. e4 c5 2. Nf3 e6 3. d4 cxd4 4. Nxd4 Nc6 5. Nb5 d6 6. c4 Nf6 7. N1c3 a6 8. Na3
b6 9. Be2 Bb7 10. O-O Nb8 11. f3 Be7 12. Be3 O-O 13. Qd2 Nbd7 14. Rfd1 Qc7 15.
Rac1 Rac8 16. Bf1 Qb8 17. Kh1 Rfe8 18. Nc2 Bd8 19. Bf4 Ne5 20. b3 Bc7 21. Nd4
Ng6 22. Bg5 Nh5 23. g4 Nf6 24. Bxf6 gxf6 25. Qh6 d5 26. Nxd5 Be5 27. Nxb6 Bf4
28. Qh5 Bxc1 29. Nxc8 Bg5 30. Qh3 Rxc8 31. Ne2 Rd8 32. Rxd8+ Qxd8 33. Qg3 Qd1
34. Qb8+ Kg7 35. Kg2 Nh4+ 36. Kf2 Bd2 37. Ng3 Qxf3+ 0-1

[Event "TCh-GEO Club 2014"]
[Site "Ureki GEO"]
[Date "2014.09.30"]
[Round "4.3"]
[White "Morchiashvili, Bachana"]
[Black "Fier, Alexandr"]
[Result "0-1"]
[WhiteTitle "IM"]
[BlackTitle "GM"]
[WhiteElo "2327"]
[BlackElo "2579"]
[WhiteTeam "Chess Club Gori"]
[BlackTeam "Chess Club Kakheti"]
[WhiteFideId "13602535"]
[BlackFideId "2107139"]
[EventDate "2014.09.27"]

1. d4 Nf6 2. c4 g6 3. Nc3 Bg7 4. e4 O-O 5. Nf3 d6 6. h3 e5 7. d5 Nh5 8. Nh2 Na6
9. g3 Nc5 10. b4 Nd7 11. Rb1 a5 12. a3 axb4 13. axb4 Nhf6 14. Ng4 h5 15. Nxf6+
Qxf6 16. h4 Qe7 17. Be2 f5 18. exf5 e4 19. Nb5 Ne5 20. Nd4 Nd3+ 21. Bxd3 Bxd4
22. Be2 Qe5 23. Bf4 Bc3+ 24. Kf1 Qxf5 25. Kg2 Ra2 26. Rf1 Qh3+ 27. Kg1 Rxf4 28.
gxf4 Rd2 29. Qe1 Bg4 0-1

[Event "TCh-GEO Club 2014"]
[Site "Ureki GEO"]
[Date "2014.09.30"]
[Round "4.3"]
[White "Gagunashvili, Merab"]
[Black "Khakhutashvili, Alexandre"]
[Result "1-0"]
[WhiteTitle "GM"]
[WhiteElo "2573"]
[BlackElo "1809"]
[WhiteTeam "Chess Club Kakheti"]
[BlackTeam "Chess Club Gori"]
[WhiteFideId "13601652"]
[BlackFideId "13605313"]
[EventDate "2014.09.27"]

1. e4 c5 2. Nf3 Nc6 3. Nc3 g6 4. d4 cxd4 5. Nxd4 Bg7 6. Be3 Nf6 7. Bc4 Qa5 8.
O-O Ng4 9. Nxc6 dxc6 10. Bf4 O-O 11. h3 Ne5 12. Bb3 b5 13. Bd2 Qc7 14. Qc1 Rd8
15. Bh6 Bh8 16. Qf4 Be6 17. Bxe6 fxe6 18. Qg3 Qa5 19. Ne2 Nf7 20. Bf4 Qb4 21.
Qb3 Qxe4 22. Rfe1 Qd5 23. Nc3 Qxb3 24. axb3 e5 25. Be3 a6 26. Ra2 Nd6 27. Rea1
Nf5 28. Ne4 Nd4 29. Rxa6 Rxa6 30. Rxa6 Nxc2 31. Bc5 Nd4 32. Bxe7 Rc8 33. b4 Bg7
34. Ra7 Ne6 35. Bd6 Nf4 36. Rxg7+ Kxg7 37. Bxe5+ Kf8 38. Bxf4 Rd8 39. Bd2 Ra8
40. f3 Ke7 41. Kf2 Ra7 42. Ke3 Ke6 43. Kd4 Ra1 44. Ng5+ Kd7 45. Nxh7 Rg1 46. g4 1-0

[Event "TCh-GEO Club 2014"]
[Site "Ureki GEO"]
[Date "2014.09.30"]
[Round "4.3"]
[White "Dotiashvili, Vasil"]
[Black "Khotenashvili, Bela"]
[Result "1-0"]
[BlackTitle "GM"]
[WhiteElo "1800"]
[BlackElo "2507"]
[WhiteTeam "Chess Club Gori"]
[BlackTeam "Chess Club Kakheti"]
[WhiteFideId "13606085"]
[BlackFideId "13602640"]
[EventDate "2014.09.27"]

1. e4 c6 2. d4 d5 3. Nc3 g6 4. Nf3 Bg7 5. h3 Nh6 6. exd5 cxd5 7. Bb5+ Nc6 8. O-O
O-O 9. Re1 Nf5 10. Bxc6 bxc6 11. Na4 Qd6 12. c3 Re8 13. Nc5 f6 14. Nd3 e5 15.
dxe5 fxe5 16. Bf4 Qd8 17. Bxe5 Bf8 18. Nf4 Qb6 19. Qd2 Bh6 20. Bf6 Bb7 21. Bg5
Bg7 22. Ne6 Bh8 23. Bf4 Rac8 24. g4 Ng7 25. Nxg7 Bxg7 26. Be5 Bxe5 27. Rxe5 Rxe5
28. Nxe5 c5 29. Qf4 Rf8 30. Qxf8+ Kxf8 31. Nd7+ Ke7 32. Nxb6 axb6 33. f4 h5 34.
Kf2 Kf6 35. Re1 Bc6 1-0

[Event "TCh-GEO Club 2014"]
[Site "Ureki GEO"]
[Date "2014.09.30"]
[Round "4.3"]
[White "Javakhishvili, Lela"]
[Black "Kasoshvili, Tsiala"]
[Result "1-0"]
[WhiteTitle "IM"]
[BlackTitle "WIM"]
[WhiteElo "2476"]
[BlackElo "2161"]
[WhiteTeam "Chess Club Kakheti"]
[BlackTeam "Chess Club Gori"]
[WhiteFideId "13601458"]
[BlackFideId "13600354"]
[EventDate "2014.09.27"]

1. d4 Nf6 2. c4 e6 3. Nc3 b6 4. e4 d6 5. g3 Nbd7 6. Bg2 e5 7. Nge2 g6 8. f4 Bb7
9. O-O Bg7 10. d5 O-O 11. f5 a5 12. h3 Nc5 13. Be3 Nfd7 14. b3 Re8 15. Qd2 f6
16. h4 Nf8 17. g4 Bc8 18. Ng3 Qe7 19. Rf2 Nb7 20. Raf1 Nd8 21. g5 Nd7 22. Nb5
Nf8 23. fxg6 fxg5 24. Rf7 1-0